Основи математичної кібернетики (Запис № 335489)

МАРК-запис
000 -Лідер
fixed length control field 02106nam a22002657a 4500
001 - Контрольний номер
control field 49383
003 - Ідентифікатор контрольного номера
control field UA-OsUOA
005 - Дата та час останнього входження (трансакції)
control field 20230504161245.0
007 - Фіксоване поле фізичного опису
fixed length control field ta
008 - Елементи даних фіксованої довжини – загальна інформація
fixed length control field 20071003b un ||||| |||| 00| 0 ukr d
020 ## - Міжнародний стандартний книжковий номер (ISBN)
Міжнародний стандартний книжковий номер (ISBN) (НП) 966-683-093-0
040 ## - Джерело каталогізації
Агенція оригінальної каталогізації UA-OsUOA
Мова каталогізації ukr
Агенція, яка здійснювала перезапис UA-OsUOA
Агенція, яка здійснювала модифікацію UA-OsUOA
041 ## - Код мови
Код мови тексту/ звукової доріжки чи окремого заголовка (П) ukr
080 ## - Індекс Універсальної десяткової класифікації
Індекс Універсальної десяткової класифікації (УДК) (НП) 330.46
090 ## - Локальний шифр розміщення
Класифікаційний індекс УДК 330.46
Авторський знак (НП) Г86
100 ## - Основне введення – ім’я особи
Ім’я особи (НП) Грона В.
245 ## - Відомості про назву
Назва (НП) Основи математичної кібернетики
Решта назви (НП) навчальний посібник
260 ## - Публікація, розповсюдження і т.п. (Вихідні дані)
Місце публікації, розповсюдження і т.п. (П) Житомир
Ім’я/ наймення видавництва, розповсюджувача і т.п. (П) ЖДТУ
Дата публікації, розповсюдження і т.п. (П) 2004
300 ## - Фізичний опис
Обсяг 428 с.
520 ## - Резюме і т.п.
Резюме, реферат, анотація, тощо (НП) Перед вами книга, початковий університетський підручник з Математичної Кібернетики (МК). Упродовж всієї книги ми акцентуємо увагу читачів на основних проблемах та вузлових гемах МК. Усі теми супроводжуються алгоритмами, для більшості з яких наводяться лістинги їх комп'ютерних програм, які розмішені у додатку до нашої книги. Текст постійно супроводжується задачами та вправами для самостійного розв’язку.<br/>Наша книга має вкрай нестандартний характер. Вона не є систематичним підручником. Ми хотіли написати навчальний посібник для наших майбутніх колег - дослідників ще не пройдених шляхів, ще не розв'язаних проблем сучасної математичної кібернетики. Але у нас не було стандартного аналога у відомій нам математичній літературі.
650 #7 - Додаткове предметне введення – тематичний термін
Тематичний термін чи географічна назва, як елемент введення (НП) 330 Економіка взагалі
Джерело заголовка чи терміна UDC
942 ## - Додаткові елементи входу (Коха)
Тип елемента Koha Книги
Source of classification or shelving scheme Universal Decimal Classification
955 ## - Код типу видання за змістом
Код типу видання за змістом (НП) Навчальні видання
Фонди
Стан вилучень Стан втрат Джерело класифікації або схеми стелажів Стан уражень Не для кредиту Код колекції Постійне місце розташування Поточне розміщення Дата придбання Джерело придбання Вартість, звичайна ціна покупки Інвентарний номер Усього замовленно Повний номер виклику Штрих-код Дата останнього перегляду Ціна ефективна від Тип елемента Koha
    Universal Decimal Classification     Колекція Жулинського М.Г. ЧЗ - Читальна зала ЧЗ - Читальна зала 21/08/2007 142/2007 12.00 106409   330.4:51 Г87 106409 06/02/2022 21/08/2007 Книги
Withdrawn   Universal Decimal Classification       ЧЗ - Читальна зала ЧЗ - Читальна зала 03/10/2007 161/2007 15.00 108451   330.46 Г86 108451 13/07/2019 03/10/2007 Книги